000 00967nam a2200253Ia 4500
003 OSt
005 20220923214129.0
006 a|||||r|||| 00| 0
007 ta
008 220922b |||||||| |||| 00| 0 hin d
024 _a167,185
037 _cTextual
040 _aARTS
_cARTS
_bhin
041 _2hin
_ahin
082 _aO152,1J94:g(R5), L2
100 _aगुप्त, गणपतिचन्द्र
245 0 _aहिन्दी-काव्य श्रृंगार-परम्परा और महाकवि बिहारी
246 _aHindī-kāvya shrṛuangāra-paramparā aur hinākavi bihārī
260 _aदिल्ली
_b नेशनल पब्लि0 हाउस
_c1972
300 _a140पृ.
_ccm.
650 _aहिन्दी साहित्य
_9156264
942 _hO152,1J94:g(R5), L2
_cTEXL
_2CC
999 _c321664
_d321664